| 000 | 00790nam a2200229 a 4500 | ||
|---|---|---|---|
| 001 | BRCA_6306 | ||
| 005 | 20190320205416.0 | ||
| 008 | 040811s1922----mx-ae#####---#000-0#spa-# | ||
| 041 | _aspa | ||
| 044 | _amx | ||
| 050 | 4 |
_aF1386.5 _b.T67 1922 |
|
| 100 | 1 |
_aTornel Olvera, Augustín _915823 |
|
| 245 | 1 | 0 |
_aDesierto de los Leones _cAugustín Tornel Olvera. |
| 260 |
_aMéxico _bSecretaria de Agricultura y Fomento, Dirección Forestal y de Caza y Pesca _c1922 |
||
| 300 |
_a74 p. _bil., planos _c23 cm. |
||
| 500 | _aIncluye planos del Ex Convento Carmelita del Desierto de los Leones | ||
| 500 | _aK168 | ||
| 651 | 4 |
_aDesierto de los Leones, D.F. _xDescripción _915824 |
|
| 651 | 4 |
_aDesierto de los Leones _vEx Convento Carmelita _xDescripción _915825 |
|
| 902 | _aGFM | ||
| 942 |
_2lcc _cB |
||
| 999 |
_c5992 _d5992 |
||